[Event "RA March op"]
[Site "Ottawa CAN"]
[Date "2023.03.04"]
[Round "2.6"]
[White "Hawley, Robert"]
[Black "Sowa, Ryan"]
[Result "0-1"]
[WhiteElo "1905"]
[BlackElo "2337"]
[PlyCount "106"]
[EventDate "2023.03.03"]
[EventType "swiss"]
[EventRounds "5"]
[EventCountry "CAN"]

1. e4 g6 2. f4 d5 3. e5 c5 4. d4 cxd4 5. Qxd4 Nc6 6. Qf2 Nh6 7. h3 Bg7 8. Bd3
f6 9. exf6 Bxf6 10. c3 O-O 11. Qc2 Bh4+ 12. Kd1 Bf5 13. Ne2 Rc8 14. Bxf5 Nxf5
15. g4 Nd6 16. Nd2 e5 17. Nf3 Ne4 18. Be3 Bf2 19. Bd2 exf4 20. Rf1 Be3 21. Qd3
Nf2+ 22. Rxf2 Bxf2 23. Nxf4 Qd6 24. Ke2 Bb6 25. Qxd5+ Qxd5 26. Nxd5 Rce8+ 27.
Be3 Rxe3+ 28. Nxe3 Re8 29. Nd4 Nxd4+ 30. cxd4 Bxd4 31. Kd3 Rxe3+ 32. Kxd4 Rxh3
33. Rg1 Rh2 34. Kc3 Kg7 35. g5 h6 36. gxh6+ Rxh6 37. Rd1 Rh7 38. Rd4 Kf6 39. a4
g5 40. b4 Rh3+ 41. Kd2 Rh4 42. Rd6+ Ke5 43. Rg6 Kf5 44. Rg7 Rxb4 45. Kc3 Rxa4
46. Rf7+ Kg4 47. Rxb7 Kf3 48. Kd2 g4 49. Rf7+ Kg2 50. Ke2 g3 51. Rh7 Re4+ 52.
Kd3 Kf3 53. Rh3 Re7 0-1

[Event "RA March op"]
[Site "Ottawa CAN"]
[Date "2023.03.04"]
[Round "2.7"]
[White "Voloaca, Mihnea"]
[Black "Gao, Raymond"]
[Result "0-1"]
[WhiteElo "2321"]
[BlackElo "2111"]
[PlyCount "88"]
[EventDate "2023.03.03"]
[EventType "swiss"]
[EventRounds "5"]
[EventCountry "CAN"]

1. Nf3 Nf6 2. c4 g6 3. Nc3 c5 4. g3 Bg7 5. Bg2 Nc6 6. O-O O-O 7. d4 cxd4 8.
Nxd4 d6 9. h3 Qc7 10. Ncb5 Qd7 11. e4 a6 12. Na3 Qc7 13. Be3 Rb8 14. Rc1 Nd7
15. Qd2 Nxd4 16. Bxd4 Bxd4 17. Qxd4 Qc5 18. Qd2 Ne5 19. b4 Qa7 20. c5 Bxh3 21.
cxd6 Bxg2 22. Kxg2 Rfd8 23. Qd5 exd6 24. Rc7 Qb6 25. Rfc1 Rf8 26. b5 Ng4 27.
R1c2 Nxf2 28. Kf3 h5 29. Rd7 Ng4 30. Rxd6 Qe3+ 31. Kg2 Qh6 32. Kf3 Rbc8 33. Qd4
Rxc2 34. Nxc2 Qc1 35. Qd1 Qb2 36. bxa6 bxa6 37. a4 Qc3+ 38. Kf4 Qe5+ 39. Kf3
Qc5 40. Qd2 Re8 41. Rd5 Qc4 42. Kg2 Qxe4+ 43. Kg1 Qxa4 44. Rd7 Ne5 0-1

[Event "RA March op"]
[Site "Ottawa CAN"]
[Date "2023.03.04"]
[Round "2.8"]
[White "Gordon, David"]
[Black "Van Rooy, Jake"]
[Result "1-0"]
[WhiteElo "2237"]
[BlackElo "2068"]
[PlyCount "131"]
[EventDate "2023.03.03"]
[EventType "swiss"]
[EventRounds "5"]
[EventCountry "CAN"]

1. c4 e5 2. g3 Nf6 3. Bg2 d5 4. cxd5 Nxd5 5. Nc3 Nb6 6. Nf3 Nc6 7. O-O Be7 8.
a3 O-O 9. b4 Be6 10. Bb2 Nc4 11. Bc1 Nb6 12. d3 Nd4 13. Rb1 Nxf3+ 14. Bxf3 c6
15. Bb2 Bh3 16. Re1 f5 17. b5 Qd7 18. bxc6 bxc6 19. Na4 Qe6 20. Qc2 Nd5 21.
Rec1 Rac8 22. Qc4 Bg5 23. Nc5 Qd6 24. Re1 Kh8 25. e4 Nb6 26. Qc3 Be7 27. d4
exd4 28. Qxd4 Qxd4 29. Bxd4 fxe4 30. Bxe4 Rcd8 31. Bg2 Bf5 32. Bxg7+ Kxg7 33.
Rxe7+ Rf7 34. Rxf7+ Kxf7 35. Rc1 Rd6 36. h3 Nc8 37. g4 Bg6 38. f4 h5 39. f5 Bh7
40. Ne4 Rd3 41. Rxc6 Ne7 42. Ng5+ Ke8 43. Ra6 hxg4 44. hxg4 Bg8 45. Rxa7 Bd5
46. Bxd5 Nxd5 47. Ne4 Rf3 48. Kg2 Rf4 49. Nd6+ Kf8 50. Kg3 Rf1 51. g5 Rg1+ 52.
Kh4 Rh1+ 53. Kg4 Rg1+ 54. Kh5 Rh1+ 55. Kg6 Nf4+ 56. Kf6 Nh5+ 57. Ke5 Re1+ 58.
Kd4 Rd1+ 59. Ke5 Re1+ 60. Ne4 Ng3 61. Ra4 Kf7 62. Rb4 Re2 63. Kf4 Nh5+ 64. Kg4
Ng7 65. g6+ Kf8 66. Rb8+ 1-0

[Event "RA March op"]
[Site "Ottawa CAN"]
[Date "2023.03.04"]
[Round "2.9"]
[White "Latreille, Etienne"]
[Black "Desjardins, Michel"]
[Result "1-0"]
[WhiteElo "2178"]
[BlackElo "1907"]
[PlyCount "69"]
[EventDate "2023.03.03"]
[EventType "swiss"]
[EventRounds "5"]
[EventCountry "CAN"]

1. e4 e6 2. d4 d5 3. Nd2 Nf6 4. e5 Nfd7 5. Bd3 c5 6. c3 Nc6 7. Ne2 cxd4 8. cxd4
f6 9. exf6 Nxf6 10. Nf3 Bd6 11. O-O Qc7 12. Ng3 O-O 13. Bg5 Bd7 14. Rc1 Bf4 15.
Bxf4 Qxf4 16. Bb5 a6 17. Ne2 Qh6 18. Bxc6 Bxc6 19. Ne5 Rac8 20. Nc3 Bd7 21. Rc2
Qf4 22. Re2 Be8 23. f3 Rxc3 24. bxc3 Bb5 25. Nd3 Qf5 26. Rd2 b6 27. Re1 Rc8 28.
a4 Bd7 29. Qb3 b5 30. axb5 Bxb5 31. Nc5 Qf4 32. Rdd1 Rb8 33. Qa3 Bc4 34. Nxe6
Qh6 35. Qd6 1-0

[Event "RA March op"]
[Site "Ottawa CAN"]
[Date "2023.03.04"]
[Round "2.10"]
[White "Kot, Emanuel"]
[Black "Moleta, Johan Kenneth"]
[Result "1-0"]
[WhiteElo "2114"]
[BlackElo "1801"]
[PlyCount "79"]
[EventDate "2023.03.03"]
[EventType "swiss"]
[EventRounds "5"]
[EventCountry "CAN"]

1. e4 c6 2. d4 d5 3. Nc3 dxe4 4. Nxe4 Bf5 5. Ng3 Bg6 6. h4 h6 7. Nf3 Nd7 8. h5
Bh7 9. Bd3 Bxd3 10. Qxd3 e6 11. Bd2 Ngf6 12. O-O-O Be7 13. Kb1 O-O 14. Ne4 Nxe4
15. Qxe4 Nf6 16. Qe2 Qb6 17. g4 Nh7 18. Rhg1 Qd8 19. Ne5 Bf6 20. Bc1 Qe7 21. f4
Rfd8 22. Nf3 c5 23. c3 cxd4 24. g5 hxg5 25. fxg5 Nxg5 26. Nxg5 dxc3 27. Qc2 Qb4
28. b3 a5 29. a3 Qc5 30. Ne4 Qe5 31. Nxf6+ Qxf6 32. Rdf1 Qd4 33. Bh6 g6 34. Bg5
Rd5 35. Bf6 Qd2 36. hxg6 Qxc2+ 37. Kxc2 Rf5 38. Rxf5 exf5 39. g7 b5 40. Rh1 1-0

[Event "RA March op"]
[Site "Ottawa CAN"]
[Date "2023.03.04"]
[Round "3.2"]
[White "Sambuev, Bator"]
[Black "Tanaka, Tyler"]
[Result "1-0"]
[WhiteElo "2483"]
[BlackElo "2357"]
[PlyCount "137"]
[EventDate "2023.03.03"]
[EventType "swiss"]
[EventRounds "5"]
[EventCountry "CAN"]

1. d4 Nf6 2. c4 e6 3. Nc3 Bb4 4. e3 O-O 5. Bd3 d5 6. Nf3 c5 7. O-O cxd4 8. exd4
dxc4 9. Bxc4 b6 10. Qe2 Bb7 11. Rd1 h6 12. Bf4 Re8 13. Ne5 Nbd7 14. Rd3 Bxc3
15. bxc3 Nxe5 16. dxe5 Nd5 17. Qg4 h5 18. Qg3 Qc7 19. Bh6 g6 20. Bxd5 Bxd5 21.
Bg5 Rac8 22. Bf6 Qc4 23. Rad1 Qg4 24. Qxg4 hxg4 25. Rd4 Rc4 26. Rxc4 Bxc4 27.
Rd4 Rc8 28. Rxg4 Kf8 29. a3 Bd5 30. Rh4 Ke8 31. Rh8+ Kd7 32. Rxc8 Kxc8 33. f3
Kd7 34. Kf2 b5 35. Bg5 a5 36. Be3 Kc6 37. Kg3 Bc4 38. Kf4 Kd5 39. Bb6 a4 40. h4
Bf1 41. g4 Be2 42. h5 gxh5 43. gxh5 Bd1 44. h6 Bc2 45. Bc7 Kc4 46. Bd6 Kxc3 47.
Kg5 Kd4 48. Kf6 Ke3 49. Kxf7 Bf5 50. Kg7 Kxf3 51. h7 Bxh7 52. Kxh7 Ke4 53. Kg8
b4 54. axb4 a3 55. b5 a2 56. b6 a1=Q 57. b7 Qg1+ 58. Kf8 Qf1+ 59. Ke7 Qf5 60.
b8=Q Qh7+ 61. Kd8 Qg8+ 62. Kc7 Qf7+ 63. Kc6 Qf1 64. Qb5 Qh1 65. Kd7 Qh6 66.
Qc4+ Kf5 67. Qc2+ Kg4 68. Qg2+ Kf5 69. Qf3+ 1-0

[Event "RA March op"]
[Site "Ottawa CAN"]
[Date "2023.03.04"]
[Round "3.3"]
[White "Xu, Daniel"]
[Black "Gao, Raymond"]
[Result "0-1"]
[WhiteElo "2339"]
[BlackElo "2111"]
[PlyCount "122"]
[EventDate "2023.03.03"]
[EventType "swiss"]
[EventRounds "5"]
[EventCountry "CAN"]

1. e4 c5 2. Nf3 d6 3. d4 cxd4 4. Nxd4 Nf6 5. Nc3 a6 6. f3 e5 7. Nb3 Be7 8. Be3
Be6 9. Qd2 Nbd7 10. O-O-O b5 11. g4 h6 12. Qf2 Qc7 13. Kb1 Rb8 14. h4 Nb6 15.
Bd3 O-O 16. g5 Nh5 17. gxh6 g6 18. Ne2 Kh7 19. f4 exf4 20. Nxf4 Nxf4 21. Bxf4
Nc4 22. h5 a5 23. Qg3 Ne5 24. Nd4 Bd7 25. Rdf1 g5 26. Be3 a4 27. Rhg1 f6 28.
Qf2 b4 29. Nf5 Be6 30. Rc1 Qd7 31. Nd4 b3 32. a3 bxc2+ 33. Bxc2 Kxh6 34. Nxe6
Qxe6 35. Bd4 Rb7 36. Ka1 Rfb8 37. Bb1 Qd7 38. Rg3 Rb3 39. Bc3 Qb5 40. Ba2 Qd7
41. Bxb3 axb3 42. Bd4 Qe6 43. Rgc3 Bd8 44. Bxe5 Qxe5 45. Qf3 Ba5 46. Rxb3 Ra8
47. Qd3 Qf4 48. Rf1 Qe5 49. Rb5 Qe6 50. Rbf5 Bd8 51. Qd4 Kxh5 52. Rh1+ Kg6 53.
Qd1 Qxe4 54. Qh5+ Kxf5 55. Rf1+ Ke6 56. Qh3+ g4 57. Qb3+ d5 58. Qb7 Ra4 59. Rc1
Be7 60. Rc7 Kf7 61. Qc8 Rc4 0-1

[Event "RA March op"]
[Site "Ottawa CAN"]
[Date "2023.03.04"]
[Round "3.4"]
[White "Latreille, Etienne"]
[Black "Plotkin, Victor"]
[Result "1/2-1/2"]
[WhiteElo "2178"]
[BlackElo "2267"]
[PlyCount "65"]
[EventDate "2023.03.03"]
[EventType "swiss"]
[EventRounds "5"]
[EventCountry "CAN"]

1. e4 e5 2. Nf3 Nf6 3. d4 Nxe4 4. Bd3 d5 5. Nxe5 Be7 6. O-O O-O 7. c4 c6 8. Nc3
Nxc3 9. bxc3 dxc4 10. Bxc4 Nd7 11. Nxd7 Qxd7 12. Qf3 Qg4 13. Be2 Qxf3 14. Bxf3
Bf5 15. a4 Rfe8 16. Ra2 Rac8 17. Be3 b6 18. c4 Bb4 19. Rd1 Be4 20. Bxe4 Rxe4
21. Rc2 f5 22. g3 Kf7 23. Rd3 Rd8 24. Rb3 Bd6 25. a5 bxa5 26. c5 Be7 27. Ra2
Bf6 28. Rxa5 Re7 29. Ra6 Bxd4 30. Bxd4 Rxd4 31. Rxc6 Rc4 32. Ra3 h6 33. Rca6
1/2-1/2

[Event "RA March op"]
[Site "Ottawa CAN"]
[Date "2023.03.04"]
[Round "3.5"]
[White "Gordon, David"]
[Black "Kot, Emanuel"]
[Result "1-0"]
[WhiteElo "2237"]
[BlackElo "2114"]
[PlyCount "99"]
[EventDate "2023.03.03"]
[EventType "swiss"]
[EventRounds "5"]
[EventCountry "CAN"]

1. d4 Nf6 2. Bg5 d5 3. Bxf6 exf6 4. e3 Be6 5. Nd2 c6 6. Ngf3 Nd7 7. c4 dxc4 8.
Bxc4 Bxc4 9. Nxc4 Nb6 10. Nxb6 Bb4+ 11. Ke2 Qxb6 12. Qd3 O-O 13. Rhc1 Rfe8 14.
Rc4 a5 15. Rac1 Bf8 16. R1c2 Rad8 17. Nd2 c5 18. Nf3 cxd4 19. Rxd4 g6 20. Rxd8
Rxd8 21. Qc4 Re8 22. b3 Bb4 23. g3 Kg7 24. Nd4 Re5 25. Kf3 Qd6 26. Kg2 Qd7 27.
Qe2 Rc5 28. Rxc5 Bxc5 29. Qc4 b6 30. a4 Qb7+ 31. Kg1 Qe4 32. Qc2 Qd5 33. Ne2
Bd6 34. Nc3 Qc5 35. Qd3 Be5 36. Nd5 h5 37. Qc4 Qd6 38. Kg2 h4 39. f4 Bb2 40.
gxh4 Qe6 41. Kg3 Ba3 42. e4 Bc5 43. Qd3 Kh7 44. Qf3 f5 45. e5 Be7 46. Qd3 f6
47. Nxe7 Qxe7 48. Qd6 Qb7 49. exf6 Kg8 50. Qe7 1-0

[Event "RA March op"]
[Site "Ottawa CAN"]
[Date "2023.03.04"]
[Round "3.7"]
[White "Hansen, Troy"]
[Black "Voloaca, Mihnea"]
[Result "0-1"]
[WhiteElo "2010"]
[BlackElo "2321"]
[PlyCount "148"]
[EventDate "2023.03.03"]
[EventType "swiss"]
[EventRounds "5"]
[EventCountry "CAN"]

1. e4 c5 2. Nf3 Nc6 3. c3 d5 4. exd5 Qxd5 5. d4 Bg4 6. Be2 e6 7. Be3 cxd4 8.
cxd4 Nf6 9. Nc3 Qd6 10. O-O Be7 11. Qd2 O-O 12. Rfd1 Rfd8 13. a3 Bf8 14. Bf4
Qd7 15. Ne5 Nxe5 16. Bxe5 Bxe2 17. Qxe2 Nd5 18. Ne4 Rac8 19. h4 Rc6 20. Rd2
Rdc8 21. Rad1 h6 22. g4 f6 23. Bh2 Qf7 24. Qf3 b6 25. Kh1 Be7 26. Ng3 g6 27.
Ne2 f5 28. gxf5 Qxf5 29. Qxf5 gxf5 30. Bg3 Kf7 31. Kg2 Bd6 32. Bxd6 Rxd6 33.
Kf3 Nf6 34. Nc3 Rcd8 35. Ke2 a6 36. f3 Kg6 37. Ke3 Kh5 38. Rg2 Nd5+ 39. Nxd5
Rxd5 40. f4 Rc8 41. Rg7 Rc2 42. b4 Rh2 43. Re7 Rd6 44. d5 Rh3+ 45. Ke2 exd5 46.
Re5 Kg4 47. Rdxd5 Rxd5 48. Rxd5 Rxa3 49. Rd6 b5 50. Rxh6 Kxf4 51. Rg6 Ke4 52.
h5 Ra2+ 53. Ke1 f4 54. h6 Kf3 55. Rf6 Ke3 56. Re6+ Kd4 57. h7 Rh2 58. Rxa6 Rxh7
59. Rf6 Rh5 60. Rc6 Rh1+ 61. Ke2 Rb1 62. Kf3 Rxb4 63. Rc8 Rc4 64. Rb8 b4 65.
Kxf4 Kc3+ 66. Ke3 b3 67. Ke2 Kc2 68. Rd8 Re4+ 69. Kf3 Rb4 70. Rc8+ Kd3 71. Rd8+
Kc3 72. Rc8+ Rc4 73. Rb8 b2 74. Ke2 Rb4 0-1

[Event "RA March op"]
[Site "Ottawa CAN"]
[Date "2023.03.04"]
[Round "3.9"]
[White "Hughes-Dupuy, Henry"]
[Black "Saha, Ananda"]
[Result "0-1"]
[WhiteElo "1978"]
[BlackElo "2216"]
[PlyCount "102"]
[EventDate "2023.03.03"]
[EventType "swiss"]
[EventRounds "5"]
[EventCountry "CAN"]

1. e4 e6 2. d4 d5 3. Nd2 c5 4. exd5 Qxd5 5. Ngf3 cxd4 6. Bc4 Qd7 7. O-O Nc6 8.
Nb3 a6 9. Nbxd4 Nxd4 10. Qxd4 Qxd4 11. Nxd4 Bd6 12. Re1 Ne7 13. Bg5 h6 14. Bd2
O-O 15. a4 Ng6 16. Nf3 Bd7 17. Bc3 Rac8 18. Bb3 Bc5 19. Rad1 Bc6 20. Ne5 Nxe5
21. Bxe5 Rfd8 22. h3 b5 23. axb5 Bxb5 24. Bc3 Bb6 25. Be5 a5 26. c3 a4 27. Bc2
f6 28. Bd6 Kf7 29. Be4 Rd7 30. Bf4 Rcd8 31. Bf3 e5 32. Be3 Bxe3 33. fxe3 Rd2
34. h4 f5 35. Rxd2 Rxd2 36. Rd1 Rxb2 37. Bd5+ Ke7 38. Rc1 Kd6 39. c4 Bc6 40.
Bxc6 Kxc6 41. Kh2 a3 42. Rc3 a2 43. Ra3 Kc5 44. Ra4 g5 45. hxg5 hxg5 46. Kg3 e4
47. Kh3 f4 48. exf4 gxf4 49. Kg4 e3 50. Kf3 Rf2+ 51. Ke4 e2 0-1

[Event "RA March op"]
[Site "Ottawa CAN"]
[Date "2023.03.04"]
[Round "3.10"]
[White "Latorre, Vincent"]
[Black "Hawley, Robert"]
[Result "1-0"]
[WhiteElo "2214"]
[BlackElo "1905"]
[PlyCount "137"]
[EventDate "2023.03.03"]
[EventType "swiss"]
[EventRounds "5"]
[EventCountry "CAN"]

1. e4 e5 2. Nf3 Nc6 3. Bc4 Nf6 4. d3 Bc5 5. c3 d6 6. Bb3 a5 7. O-O Bg4 8. h3
Bh5 9. Re1 b5 10. Nbd2 Qd7 11. Nf1 h6 12. Ng3 Bg6 13. Nh4 Ne7 14. Qf3 a4 15.
Bc2 c6 16. Bd2 Rg8 17. Rad1 Bh7 18. Bc1 g5 19. Nhf5 Bxf5 20. exf5 O-O-O 21. b3
g4 22. hxg4 Rxg4 23. bxa4 Rdg8 24. d4 exd4 25. cxd4 Bxd4 26. Rxd4 Rxd4 27. Bb2
Rd2 28. Bxf6 Nd5 29. Bb1 Nxf6 30. Qc3 Rxg3 31. Qxd2 Rg5 32. axb5 c5 33. a4 d5
34. Rc1 Qd6 35. Qd4 Nd7 36. a5 Kb7 37. Qe3 f6 38. Qe6 Kc7 39. Rd1 d4 40. Be4
Qxe6 41. fxe6 Re5 42. exd7 Rxe4 43. Rc1 Re5 44. b6+ Kxd7 45. a6 Kc8 46. Ra1 Re8
47. Ra5 Kb8 48. Rxc5 Re1+ 49. Kh2 Ra1 50. a7+ Kb7 51. Rd5 Kxb6 52. Rxd4 Kc5 53.
Rd7 Kc6 54. Rf7 Kd5 55. Rxf6 Rxa7 56. Rxh6 Ke5 57. g3 Kf5 58. Kg2 Ra2 59. Rh4
Kg5 60. Rf4 Ra8 61. Rf7 Kg6 62. Rb7 Ra5 63. g4 Kg5 64. Kg3 Ra1 65. Rb5+ Kg6 66.
f3 Kh6 67. Rb6+ Kg7 68. f4 Kh7 69. Kh4 1-0

[Event "RA March op"]
[Site "Ottawa CAN"]
[Date "2023.03.05"]
[Round "4.2"]
[White "Gao, Raymond"]
[Black "Gordon, David"]
[Result "1-0"]
[WhiteElo "2111"]
[BlackElo "2237"]
[PlyCount "149"]
[EventDate "2023.03.03"]
[EventType "swiss"]
[EventRounds "5"]
[EventCountry "CAN"]

1. e4 c5 2. Nf3 Nc6 3. Bb5 Nf6 4. Nc3 g6 5. O-O Bg7 6. e5 Ng4 7. Bxc6 dxc6 8.
Re1 Qc7 9. Qe2 O-O 10. d3 Nh6 11. Ne4 b6 12. h3 Nf5 13. c3 Bxe5 14. Nxc5 Bg7
15. Ne4 Ba6 16. Qc2 c5 17. Bg5 h6 18. Be3 Nxe3 19. Rxe3 Rad8 20. Rae1 Rd7 21.
Ned2 Rfd8 22. Nc4 Bxc4 23. dxc4 e6 24. g3 Rd6 25. h4 h5 26. Qe4 Bh6 27. R3e2
Qc6 28. Qxc6 Rxc6 29. Ne5 Rcd6 30. f4 Bg7 31. Nf3 Kf8 32. Kf2 Ke7 33. Re4 Rd1
34. R1e2 R8d6 35. R4e3 Ra1 36. a3 Rad1 37. Re4 Bf6 38. R4e3 R6d3 39. Re4 Kd7
40. Rc2 Ra1 41. Ree2 Ke7 42. Re4 Rdd1 43. Ree2 Rac1 44. Rxc1 Rxc1 45. Rd2 Bg7
46. Ke3 f6 47. Ke4 Rb1 48. Kd3 Rf1 49. Ke2 Rh1 50. Kd3 Rh3 51. Rg2 e5 52. fxe5
f5 53. Ke3 Bh6+ 54. Kf2 Ke6 55. Rg1 f4 56. gxf4 Bxf4 57. Rxg6+ Kf5 58. Rg7 Ke4
59. Ng5+ Bxg5 60. Rxg5 Rxh4 61. e6 Rf4+ 62. Ke2 Rf6 63. Rxh5 Rxe6 64. Kd2 Re7
65. Kc2 Rc7 66. Kb3 Ke3 67. Rd5 Ke4 68. Ka4 Rh7 69. b4 Rh3 70. bxc5 Rxc3 71.
Kb4 Rc1 72. c6 Rb1+ 73. Ka4 Rc1 74. Kb3 Rb1+ 75. Kc2 1-0

[Event "RA March op"]
[Site "Ottawa CAN"]
[Date "2023.03.05"]
[Round "4.3"]
[White "Sowa, Ryan"]
[Black "Plotkin, Victor"]
[Result "1/2-1/2"]
[WhiteElo "2337"]
[BlackElo "2267"]
[PlyCount "67"]
[EventDate "2023.03.03"]
[EventType "swiss"]
[EventRounds "5"]
[EventCountry "CAN"]

1. Nf3 Nf6 2. g3 d5 3. Bg2 c6 4. O-O g6 5. b3 Bg7 6. Bb2 O-O 7. c4 Nbd7 8. d4
Ne4 9. Nbd2 Ndf6 10. Ne5 Be6 11. Nxe4 Nxe4 12. Rc1 Rc8 13. c5 Rc7 14. f3 Nf6
15. Bc3 Nd7 16. Nd3 f6 17. e4 Bf7 18. Qe2 e5 19. exd5 Bxd5 20. dxe5 fxe5 21.
Bh3 Re8 22. Rce1 b6 23. cxb6 axb6 24. f4 e4 25. Bxg7 Kxg7 26. Bxd7 Rxd7 27. Ne5
Rd6 28. Ng4 h5 29. Qb2+ Kh7 30. Ne3 Qf6 31. Qxf6 Rxf6 32. Rd1 Ra8 33. Rf2 Ra5
34. Rfd2 1/2-1/2

[Event "RA March op"]
[Site "Ottawa CAN"]
[Date "2023.03.05"]
[Round "4.4"]
[White "Adam, Rafael"]
[Black "Xu, Daniel"]
[Result "0-1"]
[WhiteElo "2214"]
[BlackElo "2339"]
[PlyCount "128"]
[EventDate "2023.03.03"]
[EventType "swiss"]
[EventRounds "5"]
[EventCountry "CAN"]

1. Nf3 Nf6 2. g3 g6 3. Bg2 Bg7 4. O-O O-O 5. c4 d6 6. d4 Nc6 7. Nc3 a6 8. d5
Na5 9. b3 c5 10. dxc6 bxc6 11. Bg5 h6 12. Bd2 Rb8 13. c5 Nd5 14. Nxd5 cxd5 15.
Rc1 dxc5 16. Rxc5 Nb7 17. Rc1 e5 18. Ne1 Qd6 19. Nd3 a5 20. b4 Be6 21. bxa5
Rfc8 22. Bb4 Qa6 23. Qd2 Rc4 24. e3 Rbc8 25. a3 g5 26. Nb2 Rxc1 27. Rxc1 Rxc1+
28. Qxc1 Nxa5 29. Qd2 Nb3 30. Qd3 Qxd3 31. Nxd3 d4 32. Bd6 f6 33. exd4 exd4 34.
Nc5 Nxc5 35. Bxc5 d3 36. Be3 Bf8 37. Bc1 Bc4 38. Bf3 f5 39. h3 Kf7 40. Kg2 Ke6
41. Bd1 Bc5 42. a4 Bd5+ 43. Kf1 Bb4 44. Bb2 h5 45. f3 Ba2 46. f4 g4 47. hxg4
hxg4 48. Kf2 Bd2 49. Bd4 Kd5 50. Be3 Ba5 51. Bc1 Ke4 52. Be3 Bc4 53. Bc5 Bd5
54. Ba7 Ba2 55. Bc5 Bb1 56. Ba3 Bc3 57. Kf1 Ke3 58. Bc1+ d2 59. Ba3 Bd3+ 60.
Kg2 Be4+ 61. Kf1 Bf3 62. Bc5+ Kd3 63. Bb3 d1=Q+ 64. Bxd1 Bxd1 0-1

[Event "RA March op"]
[Site "Ottawa CAN"]
[Date "2023.03.05"]
[Round "4.5"]
[White "Tanaka, Tyler"]
[Black "Latorre, Vincent"]
[Result "1-0"]
[WhiteElo "2357"]
[BlackElo "2214"]
[PlyCount "55"]
[EventDate "2023.03.03"]
[EventType "swiss"]
[EventRounds "5"]
[EventCountry "CAN"]

1. e4 e5 2. Nc3 Nf6 3. f4 d5 4. fxe5 Nxe4 5. Qf3 Nxc3 6. dxc3 Qh4+ 7. g3 Qe4+
8. Qxe4 dxe4 9. Bg2 Nc6 10. Bf4 Bf5 11. O-O-O Be7 12. Bh3 Be6 13. Bxe6 fxe6 14.
h4 O-O 15. Rd7 Rad8 16. Rxc7 Bc5 17. Nh3 Rd5 18. Ng5 Bb6 19. Rxb7 e3 20. Nxe6
Re8 21. Rxb6 Rxe6 22. Ra6 e2 23. Re1 Nb4 24. Rxa7 Re8 25. b3 Nc6 26. Ra4 Nxe5
27. Re4 Red8 28. R1xe2 1-0

[Event "RA March op"]
[Site "Ottawa CAN"]
[Date "2023.03.05"]
[Round "4.6"]
[White "Labib, Daniel"]
[Black "Sowa, Ryan"]
[Result "0-1"]
[WhiteElo "2113"]
[BlackElo "2337"]
[PlyCount "74"]
[EventDate "2023.03.03"]
[EventType "swiss"]
[EventRounds "5"]
[EventCountry "CAN"]

1. e4 g6 2. d4 Bg7 3. Nc3 a6 4. Be3 d6 5. Qd2 b5 6. Nf3 Bb7 7. Bd3 Nd7 8. a4 b4
9. Na2 a5 10. c3 Ngf6 11. Bh6 O-O 12. h4 Bxe4 13. Bxe4 Nxe4 14. Qe3 Ndf6 15.
Bxg7 Kxg7 16. Ng5 d5 17. Nxe4 dxe4 18. cxb4 axb4 19. Nxb4 Qd6 20. Nc2 Qd7 21.
b3 Rfb8 22. O-O Qg4 23. f3 Qxh4 24. fxe4 Qxe4 25. Qxe4 Nxe4 26. Rae1 f5 27. g4
e6 28. d5 Rxb3 29. dxe6 Rg3+ 30. Kh2 Rxg4 31. Ne3 Rg5 32. e7 Kf7 33. Nd5 Rxa4
34. Ra1 Rd4 35. Ra8 Nf6 36. Rf8+ Kg7 37. Nxc7 Rh4# 0-1

[Event "RA March op"]
[Site "Ottawa CAN"]
[Date "2023.03.05"]
[Round "4.7"]
[White "Voloaca, Mihnea"]
[Black "Latreille, Etienne"]
[Result "0-1"]
[WhiteElo "2321"]
[BlackElo "2178"]
[PlyCount "122"]
[EventDate "2023.03.03"]
[EventType "swiss"]
[EventRounds "5"]
[EventCountry "CAN"]

1. d4 d5 2. c4 c6 3. cxd5 cxd5 4. Bg5 h6 5. Bh4 Qb6 6. Nc3 Qxb2 7. Nxd5 Bf5 8.
e4 Bxe4 9. Nc7+ Kd7 10. Nxa8 e6 11. a3 Nc6 12. Qc1 Bxa3 13. Qxb2 Bxb2 14. Rd1
Nf6 15. Nb6+ axb6 16. Bxf6 Bc3+ 17. Ke2 gxf6 18. Ke3 Bc2 19. Rc1 Bxd4+ 20. Kd2
Bg6 21. Nh3 Ra8 22. Bd3 e5 23. Rhd1 Bxd3 24. Kxd3 b5 25. f4 Ra3+ 26. Ke4 Ke6
27. f5+ Kd6 28. Rd3 Rxd3 29. Kxd3 Kd5 30. Rf1 b4 31. Nf2 b3 32. Ng4 Nb4+ 33.
Kd2 b2 34. Nxh6 Kc4 35. Nxf7 Kb3 36. h4 Nd5 37. Rb1 Ka2 38. Rxb2+ Kxb2 39. Nd6
b6 40. h5 Bc5 41. Nc4+ Kb3 42. h6 Bf8 43. h7 Bg7 44. Nd6 Kb4 45. g4 Kc5 46. Nf7
Kd4 47. g5 fxg5 48. Nxg5 Bf6 49. Nf7 Ke4 50. h8=Q Bxh8 51. Nxh8 Kxf5 52. Nf7
Kf4 53. Nd6 e4 54. Ke2 Ke5 55. Nc4+ Kd4 56. Nd6 Nc3+ 57. Kd2 e3+ 58. Kc2 Nd5
59. Nb5+ Ke4 60. Kd1 Kd3 61. Nd6 Nb4 0-1

[Event "RA March op"]
[Site "Ottawa CAN"]
[Date "2023.03.05"]
[Round "4.9"]
[White "Liang, Jason"]
[Black "Wiebe, Isaac"]
[Result "1/2-1/2"]
[WhiteElo "2613"]
[BlackElo "2171"]
[PlyCount "93"]
[EventDate "2023.03.03"]
[EventType "swiss"]
[EventRounds "5"]
[EventCountry "CAN"]

1. e4 e5 2. Nf3 Nc6 3. Bc4 Bc5 4. c3 Nf6 5. d3 O-O 6. O-O d5 7. exd5 Nxd5 8.
Re1 Bg4 9. Nbd2 Nb6 10. h3 Bh5 11. Bb3 Qxd3 12. Nxe5 Qf5 13. Nef3 Bg6 14. Qe2
Qd3 15. Qxd3 Bxd3 16. Ne4 Be7 17. Bf4 Rac8 18. Bg5 Bxe4 19. Bxe7 Nxe7 20. Rxe4
Nc6 21. Rae1 Na5 22. Bc2 Nac4 23. Rh4 h6 24. b3 Nd6 25. c4 Nd7 26. b4 Rfe8 27.
Rd1 Ne5 28. Nxe5 Rxe5 29. c5 Nb5 30. Bb3 Rce8 31. Rd3 c6 32. Rf4 R5e7 33. Rg3
Kf8 34. h4 Rd8 35. Re3 f6 36. Rxe7 Kxe7 37. Re4+ Kf8 38. f3 Rd2 39. Bc4 Nc3 40.
Re3 Nd5 41. Bxd5 Rxd5 42. Kf2 Rd2+ 43. Re2 Rd4 44. Re4 Rd2+ 45. Re2 Rd4 46. Re4
Rd2+ 47. Re2 1/2-1/2

[Event "RA March op"]
[Site "Ottawa CAN"]
[Date "2023.03.05"]
[Round "4.10"]
[White "Kot, Emanuel"]
[Black "Stopic, Alexander"]
[Result "1-0"]
[WhiteElo "2114"]
[BlackElo "1851"]
[PlyCount "101"]
[EventDate "2023.03.03"]
[EventType "swiss"]
[EventRounds "5"]
[EventCountry "CAN"]

1. e4 c6 2. d4 d5 3. Nc3 dxe4 4. Nxe4 Bf5 5. Ng3 Bg6 6. h4 h6 7. Nf3 Nd7 8. h5
Bh7 9. Bd3 Bxd3 10. Qxd3 e6 11. Bd2 Ngf6 12. O-O-O Be7 13. Kb1 O-O 14. Ne4 Nxe4
15. Qxe4 Nf6 16. Qe2 Qd5 17. Ne5 Qe4 18. Qxe4 Nxe4 19. Be1 c5 20. f3 Nf6 21.
Bf2 Rac8 22. g4 b6 23. c4 Bd6 24. b3 Rfd8 25. Rhe1 Bxe5 26. dxe5 Ne8 27. Bh4
Rxd1+ 28. Rxd1 g5 29. Bg3 f5 30. exf6 Nxf6 31. Be5 Rf8 32. Rd3 Rf7 33. Rd8+ Kh7
34. Kc2 Ng8 35. Kd2 Nf6 36. Ke3 Kg7 37. a3 Re7 38. b4 cxb4 39. axb4 Kf7 40. Rh8
Ng8 41. b5 Rd7 42. Ke4 Kf8 43. f4 gxf4 44. Bxf4 Kg7 45. Be5+ Kf8 46. g5 hxg5
47. h6 Rd8 48. h7 Kf7 49. Rxg8 Rxg8 50. hxg8=Q+ Kxg8 51. Bb8 1-0

[Event "RA March op"]
[Site "Ottawa CAN"]
[Date "2023.03.05"]
[Round "5.1"]
[White "Sambuev, Bator"]
[Black "Latreille, Etienne"]
[Result "1-0"]
[WhiteElo "2487"]
[BlackElo "2178"]
[PlyCount "65"]
[EventDate "2023.03.03"]
[EventType "swiss"]
[EventRounds "5"]
[EventCountry "CAN"]

1. d4 d5 2. c4 c6 3. Nf3 Nf6 4. e3 a6 5. Bd3 dxc4 6. Bxc4 b5 7. Bd3 e6 8. a4
Bb7 9. O-O Be7 10. e4 Nbd7 11. Bg5 O-O 12. Nbd2 Re8 13. e5 Nd5 14. Ne4 f6 15.
exf6 gxf6 16. Bd2 Kh8 17. Re1 Rg8 18. Nc3 Nf8 19. Nxd5 Qxd5 20. Be4 Qh5 21.
axb5 axb5 22. Rxa8 Bxa8 23. Qc2 Ng6 24. Ra1 Nh4 25. Nxh4 Qxh4 26. g3 Qg4 27.
Ra7 f5 28. Bxc6 Bxc6 29. Qxc6 Qd1+ 30. Kg2 Qxd2 31. Rxe7 Qxd4 32. Qxe6 f4 33.
Qf7 1-0